000 00736nmc a2200265 a 4500
003 AR-BaBNM
005 20251128211249.0
008 083020s1999 ||||||||||||||000 | spa||
020 _a950-860-078-0
040 _cAR-BaBNM
100 1 _aCastillo, Abelardo
245 1 0 _aAbelardo Castillo
_bantología personal
260 _aBuenos Aires
_bEdiciones Instituto Movilizador de Fondos Cooperativos C.L.
_c1999
300 _a127 p.
490 0 _aDesde la gente
_vv. 74
504 _aContiene referencias bibliográficas
650 4 _aLITERATURA ARGENTINA
650 4 _aLITERATURA CONTEMPORANEA
650 4 _aANTOLOGIAS
650 4 _aTEATRO
653 _aNARRATIVA
655 _aLITERATURA
942 _cBK
998 _cmartin
999 _c18912
_d18912